Západné Karpaty séria mineralógia, petrografia, geochémia a ložiská
| New Title: | Západné Karpaty. Mineralógia, petrografia, geochémia, metalogenéza |
|---|---|
| Previous Title: | Zborník geologických vied. Západné karpaty |
| Format: | Serial |
| Language: | Slovak English German Russian |
| PhysicalDescription: | 20 zv. 24 cm |
| Published: |
Braislava
Geologický ústav Dionýza Štúra
1974-1993
|
| ISSN: | 0139-7389 0036-5262 0139-8946 |
| Subjects: |
MARC
| LEADER | 00000cas a2200000 a 4500 | ||
|---|---|---|---|
| 001 | vtls009496793 | ||
| 003 | SK-MaSNL | ||
| 005 | 20260228155946.0 | ||
| 008 | 090429d19741993xo r ab 0 b0slo | ||
| 022 | |a 0139-7389 | ||
| 040 | |a SNMK |b slo |c SNMK |d SNK |e AACR2 | ||
| 041 | 0 | |a slo |a eng |a ger |a rus |b eng | |
| 043 | |a e-xo--- | ||
| 044 | |a xo |c SK | ||
| 072 | 7 | |a 549 |x Mineralógia |2 Konspekt | |
| 072 | 7 | |a 55 |x Vedy o Zemi. Geologické vedy |2 Konspekt | |
| 080 | |a 549 |2 2011 | ||
| 080 | |a 552.2 |2 2011 | ||
| 080 | |a 553 |2 2011 | ||
| 080 | |a 550.4 |2 2011 | ||
| 080 | |a (082) |2 2011 | ||
| 080 | |a (437.6) |2 2011 | ||
| 245 | 0 | 0 | |a Západné Karpaty |b séria mineralógia, petrografia, geochémia a ložiská |
| 246 | 1 | 3 | |a Západné Karpaty. Séria mineralógia, petrografia, geochémia, metalogenéza |
| 246 | 1 | 0 | |a Séria mineralógia, petrografia, geochémia a ložiská |
| 246 | 1 | 0 | |a Séria mineralógia, petrografia, geochémia, metalogenéza |
| 260 | |a Braislava |b Geologický ústav Dionýza Štúra |c 1974-1993 | ||
| 300 | |a 20 zv. |c 24 cm | ||
| 310 | |a Nepravidelne | ||
| 362 | 0 | |a 1 (1974)-16 (1993) | |
| 504 | |a Bibliograf. odkazy | ||
| 546 | |a Text čiastočne aj v angl., nem., rus. jazyku ; res. angl. | ||
| 650 | 0 | 7 | |a mineralógia |2 SNKPH |9 943 |
| 650 | 0 | 7 | |a petrografia |2 SNKPH |9 959 |
| 650 | 0 | 7 | |a geochémia |2 SNKPH |9 3926 |
| 650 | 0 | 7 | |a ložiská nerastných surovín |2 SNKPH |9 67131 |
| 651 | 7 | |a Západné Karpaty (pohorie) |2 SNKPHgeo |9 175174 | |
| 655 | 7 | |a zborníky |2 SNKPH |9 70165 | |
| 710 | 2 | |a Geologický ústav Dionýza Štúra (Bratislava, Slovensko) |4 pbl |9 32934 | |
| 780 | 0 | 1 | |t Zborník geologických vied. Západné karpaty |x 0036-5262 |
| 785 | 0 | 0 | |t Západné Karpaty. Mineralógia, petrografia, geochémia, metalogenéza |x 0139-8946 |
| 910 | |a snmk | ||
| 910 | |a snk | ||
| 999 | |c 999 |d 999 | ||
| 952 | |0 0 |1 0 |4 0 |7 0 |a SNK |b SNK |d 2000-05-09 |l 0 |o snkČSC 2109/2/1976 |p 17A0238305 |r 2005-01-02 00:00:00 |w 2026-02-21 |y PREZ | ||
| 952 | |0 0 |1 0 |3 rekatalogizácia |4 0 |7 0 |a SNK |b SNK |d 2009-04-28 |i snkKSP 7338/91 |l 0 |o snkČSC 2109/14/1991 D1 |p 17A0616459 |r 2026-02-21 19:42:13 |w 2026-02-21 |y PREZ | ||
| 952 | |0 0 |1 0 |4 0 |7 0 |a SNK |b SNK |d 2006-03-11 |i snkKSP 2525/94 |l 0 |o snkČSC 2109/16/1993 |p 17A0500534 |r 2026-02-21 19:47:07 |w 2026-02-21 |y PREZ | ||
| 952 | |0 0 |1 0 |4 0 |7 0 |8 3 |a SNK |b SNK |d 2023-07-12 |i snkKSP 7028/74 |l 0 |o snkČSC 2109/1/1974 D1 |p 17A1348717 |r 2026-02-21 19:50:52 |w 2026-02-21 |y PREZ | ||
| 952 | |0 0 |1 0 |4 0 |7 0 |8 3 |a SNK |b SNK |d 2023-07-12 |i snkKSP 798/81 |l 0 |o snkČSC 2109/7/1980 |p 17A1348716 |r 2026-02-21 19:50:52 |w 2026-02-21 |y VYP | ||
| 952 | |0 0 |1 0 |4 0 |7 0 |a SNK |b SNK |d 2023-07-12 |l 0 |o snkČSC 2109/7/1980 |r 2026-02-21 19:50:52 |w 2026-02-21 |y PREZ | ||
| 952 | |0 0 |1 0 |4 0 |7 0 |a SNK |b SNK |d 2013-06-11 |i snkKSP 478/90 |l 0 |o snkČSC 2109/12/1989 D1 |p 17A1022815 |r 2026-02-21 20:08:43 |w 2026-02-21 |y PREZ | ||
| 952 | |0 0 |1 0 |4 0 |7 0 |a SNK |b SNK |d 2009-04-27 |i snkKSP 2240/82 |l 0 |o snkČSC 2109/8/1981 D1 |p 17A0616103 |r 2026-02-21 20:08:49 |w 2026-02-21 |y PREZ | ||
| 952 | |0 0 |1 0 |4 0 |7 0 |a SNK |b SNK |d 2013-06-11 |i snkKSP 3977/88 |l 0 |o snkČSC 2109/11/1988 D1 |p 17A1022816 |r 2026-02-21 20:13:27 |w 2026-02-21 |y PREZ | ||
| 952 | |0 0 |1 0 |4 0 |7 0 |a SNK |b SNK |d 2010-01-13 |i snkKSP 6037/93 |l 0 |o snkČSC 2109/15/1992 |p 17A0642306 |r 2026-02-21 20:15:18 |w 2026-02-21 |y PREZ | ||
| 952 | |0 0 |1 0 |4 0 |7 0 |a SNK |b SNK |d 2000-05-09 |l 0 |o snkČSC 2109/9/1981 |p 17A0238373 |r 2004-12-31 00:00:00 |w 2026-02-21 |y PREZ | ||
| 952 | |0 0 |1 0 |4 0 |7 0 |a SNK |b SNK |d 2013-06-10 |i snkKSP 2614/77 |l 0 |o snkČSC 2109/3/1977 D1 |p 17A1022808 |r 2026-02-21 20:41:26 |w 2026-02-21 |y PREZ | ||
| 952 | |0 0 |1 0 |4 0 |7 0 |a SNK |b SNK |d 2013-06-10 |i snkKSP 1520/79 |l 0 |o snkČSC 2109/5/1978 D1 |p 17A1022809 |r 2026-02-21 20:41:26 |w 2026-02-21 |y PREZ | ||
| 952 | |0 0 |1 0 |4 0 |7 0 |a SNK |b SNK |d 2001-10-18 |l 0 |o snkČSC 2109/1/1974 |p 17A0319048 |r 2005-01-02 00:00:00 |w 2026-02-21 |y PREZ | ||
| 952 | |0 0 |1 0 |4 0 |7 0 |a SNK |b SNK |d 2000-05-05 |l 0 |o snkČSC 2109/11/1988 |p 17A0238021 |r 2004-12-31 00:00:00 |w 2026-02-21 |y PREZ | ||
| 952 | |0 0 |1 0 |4 0 |7 0 |a SNK |b SNK |d 2019-04-03 |i snkKSP 4930/76 |l 0 |o snkČSC 2109/2/1976 D1 |p 17A1154349 |r 2026-02-21 22:12:18 |w 2026-02-21 |y PREZ | ||


